Tierras y pueblos de indios en el reino de Chile

Salvato in:
Dettagli Bibliografici
Autore principale: Silva Vargas, Fernando (Autore)
Natura: Libro
Lingua:spagnolo
Pubblicazione: Santiago, Chile Universidad Católica 1962
Serie:Estudios de Historia del Derecho Chileno, 7
Soggetti:
Tags: Aggiungi Tag
Nessun Tag, puoi essere il primo ad aggiungerne!!

MARC

LEADER 00000nam a2200000 a 4500
001 UCP8021
003 CL-VaPUC
005 20221025074413.0
008 000106e19620000CL |||||||||||||||||spa|d
999 |c 285056  |d 285054 
040 |c Pontificia Universidad Católica de Valparaíso 
082 0 4 |a 346.042 SIL 1962  |2 21 
100 0 |a Silva Vargas, Fernando  |e author  |9 437819 
245 1 0 |a Tierras y pueblos de indios en el reino de Chile 
260 |a Santiago, Chile  |b Universidad Católica  |c 1962 
300 |a 266 páginas 
490 0 |a Estudios de Historia del Derecho Chileno,  |v  7 
583 |a last modification  |c 20000106 00:00:00  |k Rodrigo Vera 
650 7 |a TENENCIA DE LA TIERRA  |2 CL-VaPUC  |9 264417  |z CHILE 
650 0 |a Pueblos indígenas   |z CHILE  |9 357564 
650 0 |a Historia del derecho  |z CHILE  |9 255109 
650 0 |a Derecho Indiano  |z CHILE  |9 256266 
852 |a BIBCUR 
942 |c BK  |2 ddc 
945 |d 20000106 00:00:00  |a crobeson 
952 |0 0  |1 0  |2 ddc  |4 0  |6 346_042000000000000_SIL_1962  |7 0  |8 A  |9 329419  |a BIBHIS  |b BIBHIS  |d 2019-11-20  |i 1374389  |o 346.042 SIL 1962  |p 1374389  |r 2025-01-20  |t 1  |w 2019-11-20  |y BK  |k HIS 
952 |0 0  |1 0  |4 0  |6 346_042000000000000_SIL_1962  |7 0  |8 A  |9 329420  |a BIBHIS  |b BIBHIS  |d 2019-11-20  |i 3879380  |o 346.042 SIL 1962  |p 3879380  |r 2025-01-20  |w 2019-11-20  |y BK  |k HIS